MyGZULibrary

Branch's elements of shipping / (Record no. 10579)

MARC details
000 -LEADER
fixed length control field 01164cam a2200313 i 4500
001 - CONTROL NUMBER
control field 18083256
003 - CONTROL NUMBER IDENTIFIER
control field GZU
005 - DATE AND TIME OF LATEST TRANSACTION
control field 20220609103623.0
008 - FIXED-LENGTH DATA ELEMENTS--GENERAL INFORMATION
fixed length control field 140327s2014 nyu 000 0 eng
010 ## - LIBRARY OF CONGRESS CONTROL NUMBER
LC control number 2014012184
020 ## - INTERNATIONAL STANDARD BOOK NUMBER
International Standard Book Number 9781138786677 (hardback)
020 ## - INTERNATIONAL STANDARD BOOK NUMBER
International Standard Book Number 9781138786684 (pbk.)
020 ## - INTERNATIONAL STANDARD BOOK NUMBER
Canceled/invalid ISBN 9781315767154 (ebook)
040 ## - CATALOGING SOURCE
Original cataloging agency DLC
Language of cataloging eng
Transcribing agency DLC
Description conventions rda
042 ## - AUTHENTICATION CODE
Authentication code pcc
050 00 - LIBRARY OF CONGRESS CALL NUMBER
Classification number HE571
Item number .BRA 2014
100 1# - MAIN ENTRY--PERSONAL NAME
Personal name Branch, Alan E.
Relator term author
240 10 - UNIFORM TITLE
Uniform title Elements of shipping
245 10 - TITLE STATEMENT
Title Branch's elements of shipping /
Statement of responsibility, etc. Alan E. Branch and Michael Robarts.
250 ## - EDITION STATEMENT
Edition statement Ninth edition.
264 #1 - PRODUCTION, PUBLICATION, DISTRIBUTION, MANUFACTURE, AND COPYRIGHT NOTICE
Place of production, publication, distribution, manufacture New York :
Name of producer, publisher, distributor, manufacturer Routledge, Taylor & Francis Group,
Date of production, publication, distribution, manufacture, or copyright notice 2014.
300 ## - PHYSICAL DESCRIPTION
Extent xxv, 500 pages ;
Dimensions 24 cm
650 #0 - SUBJECT ADDED ENTRY--TOPICAL TERM
Topical term or geographic name entry element Shipping.
700 1# - ADDED ENTRY--PERSONAL NAME
Personal name Robarts, Michael.
Relator term author
775 08 - OTHER EDITION ENTRY
Relationship information Revision of:
Main entry heading Branch, Alan E.
Title Elements of shipping
Place, publisher, and date of publication London : Chapman and Hall, [1964] $w (DLC) 67059643
906 ## - LOCAL DATA ELEMENT F, LDF (RLIN)
a 7
b cbc
c orignew
d 1
e ecip
f 20
g y-gencatlg
942 ## - ADDED ENTRY ELEMENTS (KOHA)
Source of classification or shelving scheme Library of Congress Classification
Koha item type Books
Edition Ninth edition
Classification part 571
Item part BRA
Call number prefix HE
Holdings
Withdrawn status Lost status Source of classification or shelving scheme Damaged status Not for loan Collection code Home library Current library Shelving location Date acquired Source of acquisition Total Checkouts Full call number Barcode Date last seen Copy number Price effective from Koha item type
    Library of Congress Classification     Non-fiction City Campus Library City Campus Library General Stacks 06/09/2022 Book Aid International   HE571 BRA 2014 032418 06/09/2022 c. 1 06/09/2022 Books